000 00331nam a2200145 i 4500
001 bg
100 1 _aMAJEWSKI, M. L.
245 0 _aChiWriter :
_bblaski i cienie /
_cM.L. Majewski.
250 _awyd.2.
260 _aWarszawa,
_c1991.
040 _cBPK
041 _apol
942 _cKS
008 s pl f |000 0 pol
999 _c5505
_d5505
856 _uhttp://koha.tu.koszalin.pl/cgi-bin/koha/opac-detail.pl?biblionumber=5505
_yKatalog online BPK